000 00895cab a2200217 4500
001 X88182
008 090401t1997 xxu||||| |||| 00| 0 eng d
035 _a(Sirsi) u82563
041 _aeng
245 _aR v Stratford on Avon DC ex parte Alan Lane
260 _c1997
350 _a0
490 _aNew Property Cases
_v[1997] NPC 172, (3)
520 _aQBD 4 December 1997. Judicial review - enforcement of permission - Town and Country Planning Act 1990 s187A(1) - wether service of breach of condition notice and institution of criminal proceedings against applicant exceeds planning authority`s discretion. Taken form report header. NOT TO BE PHTOCOPIED.
650 _aCONDITION NOTICE
650 _aR V STRATFORD UPON AVON DC EX P LANE
650 _aTOWN AND COUNTRY PLANNING ACT 1990 S187(A)
690 _aPLANNING LAW AND PRACTICE-CASE LAW
942 _n0
948 _c09/12/1997
999 _c52135
_d52135